|
|
|
|
| LEADER |
00000nam0a2200000 4500 |
| 001 |
138127 |
| 005 |
20231031141317.0 |
| 010 |
|
|
|a 5120023975
|
| 020 |
|
|
|a RU
|b 91-47948
|
| 035 |
|
|
|a (RuTPU)RU\TPU\book\149678
|
| 090 |
|
|
|a 138127
|
| 100 |
|
|
|a 20080520d1991 k y0rusy5003 ca
|
| 101 |
0 |
|
|a rus
|
| 102 |
|
|
|a UA
|
| 105 |
|
|
|a a z 001zy
|
| 200 |
1 |
|
|a Проблемы регистрации информации: вопросы создания систем хранения и обработки компьютерной информации
|e сборник научных трудов
|f Академия наук Украинской ССР (АН УССР), Институт проблем регистрации информации; под ред. В. В. Петрова
|
| 210 |
|
|
|a Киев
|c Наукова думка
|d 1991
|
| 215 |
|
|
|a 168 с.
|c ил.
|
| 320 |
|
|
|a Библиография в конце статей
|
| 610 |
1 |
|
|a электронные вычислительные машины
|
| 610 |
1 |
|
|a информация
|
| 610 |
1 |
|
|a вывод
|
| 610 |
1 |
|
|a обработка
|
| 610 |
1 |
|
|a сборники
|
| 675 |
|
|
|a 681.327.1
|v 3
|
| 702 |
|
1 |
|a Петров
|b В. В.
|4 340
|
| 712 |
0 |
2 |
|a Академия наук Украинской ССР (АН УССР)
|b Институт проблем регистрации информации
|2 stltpush
|3 (RuTPU)RU\TPU\col\13405
|
| 801 |
|
0 |
|a RU
|b RuMRKP
|c 19960705
|g psbo
|
| 801 |
|
1 |
|a RU
|b 63413507
|c 20080520
|g PSBO
|
| 801 |
|
2 |
|a RU
|b 63413507
|c 20170124
|g PSBO
|
| 942 |
|
|
|c BK
|